ბათუმის შოთა რუსთაველის სახელმწიფო უნივერსიტეტის ბიბლიოთეკა

Химия и технология нефти и газа. (ბიბ.ჩანაწერი № 44547)

000 -LEADER
fixed length control field 00830nam a2200265Ia 4500
001 - CONTROL NUMBER
control field 11350
003 - CONTROL NUMBER IDENTIFIER
control field GE_BSU
008 - FIXED-LENGTH DATA ELEMENTS--GENERAL INFORMATION
fixed length control field 181216s||||||||xx |||||||||||||| ||und||
020 ## - INTERNATIONAL STANDARD BOOK NUMBER
International Standard Book Number 9785911343040
040 ## - CATALOGING SOURCE
Transcribing agency GE_BSU
080 ## - UNIVERSAL DECIMAL CLASSIFICATION NUMBER
Universal Decimal Classification number 54(075.32):665
100 ## - MAIN ENTRY--PERSONAL NAME
Personal name Вержичинская С.В; Н.Г.Дигуров; С.А.Синицин.
245 ## - TITLE STATEMENT
Title Химия и технология нефти и газа.
245 ## - TITLE STATEMENT
Remainder of title учебное пособие.
245 ## - TITLE STATEMENT
Statement of responsibility, etc. Ред:Г.С.Шуршиков.
250 ## - EDITION STATEMENT
Edition statement 2-е изд; перераб и доп.
260 ## - PUBLICATION, DISTRIBUTION, ETC.
Place of publication, distribution, etc. Москва.
260 ## - PUBLICATION, DISTRIBUTION, ETC.
Name of publisher, distributor, etc. Форум.
260 ## - PUBLICATION, DISTRIBUTION, ETC.
Date of publication, distribution, etc. 2012.
300 ## - PHYSICAL DESCRIPTION
Extent 400стр;илл;21см.
300 ## - PHYSICAL DESCRIPTION
Accompanying material Библиогр стр:392-393
653 ## - INDEX TERM--UNCONTROLLED
Uncontrolled term Химия и технология нефти и газа.
942 ## - ADDED ENTRY ELEMENTS (KOHA)
Koha item type წიგნი
ეგზემპლარები
Withdrawn status Lost status Damaged status Not for loan Date acquired Barcode Date last seen Price effective from Koha item type Public note
        2018-12-17 35418 2018-12-17 2018-12-17 წიგნი 01-01
        2018-12-17 35419 2018-12-17 2018-12-17 წიგნი  
        2018-12-17 35420 2018-12-17 2018-12-17 წიგნი